| 000 | 01233nam a2200289Ia 4500 | ||
|---|---|---|---|
| 008 | 130821s2002 ck a gr spa | ||
| 020 | _a9586440850 | ||
| 040 |
_aCo-BoUCM _bspa |
||
| 041 | 0 | 0 | _aspa |
| 100 | 1 |
_aGonzález González, Fernán Enrique _d1939- _9100459 |
|
| 245 | 1 | 0 |
_aViolencia política en Colombia de la nación fragmentada a la construcción del estado _cFernán Enrique González,. Ingrid J. Bolívar; Teófilo Vázquez |
| 260 |
_aBogotá (Colombia) _bCINEP _c2002 |
||
| 300 |
_a336 páginas _bgráficas, cuadros, tablas _e1 CD-ROM |
||
| 500 | _aCD-ROM incluye material complementario. | ||
| 504 | _aIncluye bibliografía. | ||
| 650 | 0 | 4 |
_aActividades subversivas _xHistoria _zColombia _98444 |
| 650 | 0 | 4 |
_aConflicto armado _xHistoria _zColombia _933978 |
| 650 | 0 | 4 |
_aGuerrillas _xHistoria _zColombia _933979 |
| 650 | 0 | 4 |
_aViolencia política _xHistoria _zColombia _944021 |
| 650 | 0 | 4 |
_aViolencia _9422 |
| 650 | 0 | 4 |
_aViolencia _xHistoria _zColombia _98227 |
| 700 | 1 |
_aBolívar Ramírez, Ingrid Johanna _978755 |
|
| 700 | 1 |
_aVásquez, Teófilo _9154435 |
|
| 710 | 2 |
_aCentro de Investigación y Educación Popular. CINEP _929651 |
|
| 942 |
_cLIBRO _a5 _e1 _mG643v _2DEWEY _h303.6 |
||
| 999 |
_c44168 _d44168 |
||